Financial statement analysis : (Record no. 8516)
[ view plain ]
| 000 -LEADER | |
|---|---|
| fixed length control field | 00742cam0a220022900 4500 |
| 001 - CONTROL NUMBER | |
| control field | zam00003488 |
| 008 - FIXED-LENGTH DATA ELEMENTS--GENERAL INFORMATION | |
| fixed length control field | 951128s1983 xx eng u |
| 035 ## - SYSTEM CONTROL NUMBER | |
| System control number | (Sirsi) r20815 |
| 035 ## - SYSTEM CONTROL NUMBER | |
| System control number | (MACHINE)SLC. |
| 100 ## - MAIN ENTRY--PERSONAL NAME | |
| Personal name | Bernstein, L. A. |
| Linkage | A82305.1 |
| 245 10 - TITLE STATEMENT | |
| Title | Financial statement analysis : |
| Remainder of title | Theory application & interpret... |
| 260 ## - PUBLICATION, DISTRIBUTION, ETC. | |
| Date of publication, distribution, etc. | 1983. |
| 591 ## - | |
| -- | Class code: EC 315. |
| 591 ## - | |
| -- | Course: Business Finance. |
| 591 ## - | |
| -- | Lecturer: Dr. MWENDA, A. |
| 591 ## - | |
| -- | School: S05. |
| 949 ## - LOCAL PROCESSING INFORMATION (OCLC) | |
| a | HF5681.B2 |
| w | lcc |
| i | 33729001477517 |
| m | MAIN |
| p | 2500 |
| t | SHORTLOAN |
| l | SHORTLOAN |
| 949 ## - LOCAL PROCESSING INFORMATION (OCLC) | |
| a | HF5681.B2 |
| w | lcc |
| i | 33729001477574 |
| m | MAIN |
| p | 2500 |
| t | SHORTLOAN |
| l | SHORTLOAN |
| 900 ## - EQUIVALENCE OR CROSS-REFERENCE-PERSONAL NAME [LOCAL, CANADA] | |
| -- | MAIN |
| Field link and sequence number | HF5681.B2 |
| -- | Ber |
| Titles and other words associated with a name | 2 |
| 909 ## - | |
| -- | Book |
| Withdrawn status | Lost status | Source of classification or shelving scheme | Damaged status | Not for loan | Home library | Current library | Shelving location | Total Checkouts | Full call number | Barcode | Date last seen | Copy number | Price effective from | Koha item type |
|---|---|---|---|---|---|---|---|---|---|---|---|---|---|---|
| Library of Congress Classification | Main Library | Main Library | Academic reserves/Short loan | HF5681.B2 | 33729001477517 | 08/12/2019 | 1 | 08/12/2019 | Short Loan material | |||||
| Library of Congress Classification | Main Library | Main Library | Academic reserves/Short loan | HF5681.B2 | 33729001477574 | 08/12/2019 | 2 | 08/12/2019 | Short Loan material |